000 00538 a2200205 4500
003 426122
005 20251125094048.0
022 _a23215702x
040 _cNile University of Nigeria, Abuja.
_erda
050 _a K 60 .U5
082 _a K 60 .U5
245 _aUNIZIK LAW JOURNAL
250 _aVol.21{1},2025.
260 _aAnambra State
_bEbenezer Publisher
_c2025
264 _aAnambra State
_bEbenezer Publisher
_c2025
300 _bv, 172 pg , 35 cm.
336 _2rdacontent
338 _2rdacarrier
942 _2lcc
_cSERIAL
999 _c44017
_d44017